00297nam a2200121Ia 4500008004100000041000800041082001600049100001800065245002700083260002900110300002500139365001100164240624s9999 xx 000 0 und d aeng a336.278 KUM aKUMAR KISHORE aSERVICE TAX SIMPLIFIED c2012aNew DelhibTaxmann a1170 : p. : cm. ; 24 cRSb29